Cultura y sociedad : (Record no. 94512)

MARC details
000 -CABECERA
campo de control de longitud fija 00598nam a2200205 a 4500
005 - FECHA Y HORA DE LA ÚLTIMA TRANSACCIÓN
campo de control 20240924070321.0
008 - ELEMENTOS DE LONGITUD FIJA--INFORMACIÓN GENERAL
campo de control de longitud fija 030303s19871997mx r 000 0 spa d
020 ## - NÚMERO INTERNACIONAL NORMALIZADO PARA LIBROS
Número Internacional Estándar del Libro 9681625021
035 ## - NÚMERO DE CONTROL DEL SISTEMA
Número de control de sistema UPN01000122316
049 ## - COLECCIÓN
Colección CG
050 #4 - SIGNATURA TOPOGRÁFICA DE LA BIBLIOTECA DEL CONGRESO
Número de clasificación GN400
Número de documento/Ítem M8.38
100 1# - ASIENTO PRINCIPAL--NOMBRE PERSONAL
Nombre de persona Murdock, George Peter,
Fechas asociadas al nombre 1897-
245 10 - MENCIÓN DE TÍTULO
Título Cultura y sociedad :
Resto del título 24 ensayos /
Mención de responsabilidad, etc. George Peter Murdock ; tr. Mariluz Caso.
260 ## - PUBLICACIÓN, DISTRIBUCIÓN, ETC.
Lugar de publicación, distribución, etc. México :
Nombre del editor, distribuidor, etc. FCE,
Fecha de publicación, distribución, etc. 1987 (1997 impr.)
300 ## - DESCRIPCIÓN FÍSICA
Extensión 318 p.
440 #0 - MENCIÓN DE SERIE/ASIENTO SECUNDARIO--TÍTULO
Título Sección de obras de antropología
650 #2 - ASIENTO SECUNDARIO DE MATERIA - TERMINO TEMATICO
Término de materia o nombre geográfico como elemento de entrada Antropología
9 (RLIN) 4499
650 #2 - ASIENTO SECUNDARIO DE MATERIA - TERMINO TEMATICO
Término de materia o nombre geográfico como elemento de entrada Etnología
9 (RLIN) 4794
905 ## - TIPO DE MATERIAL
Tipo de material Libro
Holdings
Estado de retiro Estado de pérdida Fuente del sistema de clasificación o colocación Estado dañado No para préstamo Código de colección Localización permanente Ubicación/localización actual Ubicación en estantería Total de préstamos Clasificación Código de barras Fecha visto por última vez Número de copia Tipo de ítem Koha
    Library of Congress Classification     Colección General Bib. Gregorio Torres Quintero Bib. Gregorio Torres Quintero Planta baja 14 GN400 M8.38 212484 31/12/2020 1 Libro